书目信息

书名: 工作高手的77个效率捷径 
作者: 中岛吾郎
出版信息: 北京   大众文艺出版社  2003
开本页数: 21cm  229页
丛书名: 经管学苑
单 册:
中图分类: C93
科图分类:
主题词: 效率--通俗读物
电子资源:
ISBN: 7-80171-330-3
000 00786nam 2200253 450
001 1005
005 20050322171909.62
010    @a7-80171-330-3@dCNY29.80
100    @a20030903d2003 em y0chiy0121 ea
101 @achi@ajpn
102    @aCN@b110000
105    @ay z 000yy
106    @ar
200 @a工作高手的77个效率捷径@AGong Zuo Gao Shou De 77 Ge Xiao Lu Jie Jing@f(日)中岛吾郎著
210    @a北京@c大众文艺出版社@d2003
215    @a229页@d21cm
225 @a经管学苑
330    @a本书包括控制你的心态——点燃工作热情; 掌握与力量——重新找回工作的乐趣; 增进活力, 解除压力——饮食与运动等内容。
461  0 @12001 @a经管学苑
606 @a效率@j通俗读物
690    @aC93@v4
701  0 @a中岛吾郎@Azhong dao wu lang@4著
801  0 @aCN@bRULIN@c20050322
905    @dC93@e150
    
    工作高手的77个效率捷径/(日)中岛吾郎著.-北京:大众文艺出版社,2003
    229页;21cm.-(经管学苑)
    
    
    ISBN 7-80171-330-3:CNY29.80
    本书包括控制你的心态——点燃工作热情; 掌握与力量——重新找回工作的乐趣; 增进活力, 解除压力——饮食与运动等内容。
相关链接 在五车中查询图书 在当当中查询图书 在豆瓣中查询图书


正题名:工作高手的77个效率捷径     索取号:C93/150         预约/预借

序号 登录号 条形码 馆藏地/架位号 状态 备注
1 364027   300364027   海科密-1楼/4架6列5层/ [索取号:C93/150] 在馆    
2 364028   300364028   海科密-1楼/4架6列5层/ [索取号:C93/150] 在馆    
3 364029   300364029   海科密-1楼/4架6列5层/ [索取号:C93/150] 在馆    
4 364030   300364030   海科密-1楼/4架6列5层/ [索取号:C93/150] 在馆    
5 364031   300364031   海科密-1楼/4架6列5层/ [索取号:C93/150] 在馆    
6 364032   300364032   海科密-1楼/4架6列5层/ [索取号:C93/150] 在馆    
7 364033   300364033   海科密-1楼/4架6列5层/ [索取号:C93/150] 在馆    
8 364034   300364034   海科密-1楼/4架6列5层/ [索取号:C93/150] 在馆    
9 364035   300364035   海科密-1楼/4架6列5层/ [索取号:C93/150] 在馆    
10 364036   300364036   海科密-1楼/4架6列5层/ [索取号:C93/150] 在馆